书目信息 |
| 题名: |
砌体结构
|
|
| 作者: | 施楚贤 主编 ;刘桂秋 , 黄靓 编著 | |
| 分册: | ||
| 出版信息: | 北京 中国建筑工业出版社 2017.12 |
|
| 页数: | 224页 | |
| 开本: | 26cm | |
| 丛书名: | ||
| 单 册: | ||
| 中图分类: | TU36 | |
| 科图分类: | ||
| 主题词: | 砌体结构--qi ti jie gou--高等学校--教材 | |
| 电子资源: | ||
| ISBN: | 978-7-112-21505-8 | |
| 000 | 01001nam0 2200277 450 | |
| 001 | 0100000902 | |
| 005 | 20220526144350.51 | |
| 010 | @a978-7-112-21505-8@dCNY32.00 | |
| 100 | @a20180223d2017 em y0chiy50 ea | |
| 101 | 0 | @achi |
| 102 | @aCN@b110000 | |
| 105 | @aak a 000yy | |
| 200 | 1 | @a砌体结构@Aqi ti jie gou@f施楚贤主编@g施楚贤, 刘桂秋, 黄靓编著 |
| 205 | @a4版 | |
| 210 | @a北京@c中国建筑工业出版社@d2017.12 | |
| 215 | @a224页@c图@d26cm | |
| 320 | @a有书目 (第224页) | |
| 330 | @a全书内容有: 绪论, 砌体力学及物理性能, 砌体结构可靠度设计原理, 无筋砌体结构构件, 砌体结构房屋墙体、墙梁、挑梁及过梁, 配筋砌体结构, 砌体结构房屋抗震。 | |
| 333 | @a住房城乡建设部土建类学科专业“十三五”规划教材 高校土木工程专业规划教材 | |
| 606 | 0 | @a砌体结构@Aqi ti jie gou@x高等学校@j教材 |
| 690 | @aTU36@v5 | |
| 701 | 0 | @a施楚贤@Ashi chu xian@4主编 |
| 702 | 0 | @a刘桂秋@Aliu gui qiu@4编著 |
| 702 | 0 | @a黄靓@Ahuang jing@4编著 |
| 801 | 0 | @aCN@b河南城建学院图书馆@c20180901 |
| 905 | @dTU36@eS488=4 | |
| 砌体结构/施楚贤主编/施楚贤, 刘桂秋, 黄靓编著.-4版.-北京:中国建筑工业出版社,2017.12 |
| 224页:图;26cm |
| 使用对象:住房城乡建设部土建类学科专业“十三五”规划教材 高校土木工程专业规划教材 |
| ISBN 978-7-112-21505-8:CNY32.00 |
| 全书内容有: 绪论, 砌体力学及物理性能, 砌体结构可靠度设计原理, 无筋砌体结构构件, 砌体结构房屋墙体、墙梁、挑梁及过梁, 配筋砌体结构, 砌体结构房屋抗震。 |
| ● |
| 相关链接 |
|
|
|
正题名:砌体结构
索取号:TU36/S488=4
 
预约/预借
| 序号 | 登录号 | 条形码 | 馆藏地/架位号 | 状态 | 备注 |
| 1 | 1244110 | 212441106 | 建筑库101/101建筑库 84排1列1层/ [索取号:TU36/S488=4] | 在馆 | |
| 2 | 1379746 | 213797462 | 建筑库101/101建筑库 84排1列1层/ [索取号:TU36/S488=4] | 在馆 | |
| 3 | 1379747 | 213797471 | 建筑库101/101建筑库 84排1列1层/ [索取号:TU36/S488=4] | 在馆 | |
| 4 | 1507425 | 215074256 | 建筑库101/101建筑库 84排1列1层/ [索取号:TU36/S488=4] | 在馆 | |
| 5 | 1507528 | 215075282 | 建筑库101/101建筑库 84排1列1层/ [索取号:TU36/S488=4] | 在馆 |